000 00487nam a2200169 4500
001 136238
003 ES-MaACL
005 20250825063337.0
007 t|
008 070214s1974 fr r ||||1| fre d
100 1 _aSabatier, Robert,
_d1923-2012
_9101188
245 1 0 _aTrois sucettes a la menthe
_b: roman /
_cRobert Sabatier.
260 _aParis :
_bAlbin Michel,
_c1974.
300 _a319 p. ;
_c20 cm.
852 _aES-MaACL
_jE-5664
_bR.89791
999 _c136238
_d136238